رسائل أبي الحسن العامري و شذراتة الفلسفية : (رقم التسجيلة. 1805)

تفاصيل مارك
000 -LEADER
fixed length control field 00684nam a22001817a 4500
005 - DATE AND TIME OF LATEST TRANSACTION
control field 20251108164028.0
008 - FIXED-LENGTH DATA ELEMENTS--GENERAL INFORMATION
fixed length control field 250721s1988 xx 000 0 ara d
082 14 - DEWEY DECIMAL CLASSIFICATION NUMBER
Classification number 189/عام
100 1# - MAIN ENTRY--PERSONAL NAME
Personal name العامري، أبو الحسن محمد بن يوسف النيسابوري
245 10 - TITLE STATEMENT
Title رسائل أبي الحسن العامري و شذراتة الفلسفية :
Remainder of title دراسة و نصوص /
264 1# - PRODUCTION, PUBLICATION, DISTRIBUTION, MANUFACTURE, AND COPYRIGHT NOTICE
Place of production, publication, distribution, manufacture عمان :
Name of producer, publisher, distributor, manufacturer الجامعة الأردنية،
Date of production, publication, distribution, manufacture, or copyright notice 1988.
300 ## - PHYSICAL DESCRIPTION
Extent 574ص.
490 0# - SERIES STATEMENT
Series statement منشورات الجامعة الأردنية
650 17 - SUBJECT ADDED ENTRY--TOPICAL TERM
Topical term or geographic name as entry element الفلسفة الإسلامية
700 1# - ADDED ENTRY--PERSONAL NAME
Personal name خليفات، سحبان
Relator term تحقيق
942 ## - ADDED ENTRY ELEMENTS (KOHA)
Source of classification or shelving scheme Dewey Decimal Classification
Koha item type كتب
المقتنيات
حالة السحب حالة الفقدان مصدر التصنيف حالة التلف غير قابل للإعارة المكتبة الرئيسية المكتبة الحالية موقع الرف تاريخ التزويد الرقم المتسلسل Total Checkouts رقم الإستدعاء تاريخ آخر ظهور تاريخ الفاتورة نوع المادة (كوها) الباركود
    Dewey Decimal Classification     مكتبة الأميرة ايمان العامة مكتبة الأميرة ايمان العامة الإعارة 20/11/2013 [2547]   189/عام 28/07/2025 20/11/2013 كتب PLD00287056
    Dewey Decimal Classification Unchecked   مكتبة الاميرة بديعة مكتبة الاميرة بديعة الإعارة 12/07/2004 3459   189/عام 28/07/2025 12/07/2004 كتب  
    Dewey Decimal Classification Unchecked   مكتبة الجويدة مكتبة الجويدة الإعارة 12/07/2004 3217   189/عام 28/07/2025 12/07/2004 كتب  
    Dewey Decimal Classification Unchecked   مكتبة النصر العامة مكتبة النصر العامة الإعارة 12/07/2004 5267   189/عام 28/07/2025 12/07/2004 كتب  
    Dewey Decimal Classification   Not For Loan مكتبة تاريخ الأردن مكتبة تاريخ الأردن لا يعار 03/11/2009 1328775   189/عام 28/07/2025 03/11/2009 كتب PLD00116680
    Dewey Decimal Classification     مكتبة حمزة العامة مكتبة حمزة العامة الإعارة 28/10/2015 [5131]...   189/عام 28/07/2025 28/10/2015 كتب PLD00360652
    Dewey Decimal Classification     مكتبة صويلح العامة مكتبة صويلح العامة الإعارة 08/07/2015 [6716]   189/عام 28/07/2025 08/07/2015 كتب PLD00339061
    Dewey Decimal Classification Unchecked   مكتبة وادي السير العامة مكتبة وادي السير العامة الإعارة 12/07/2004 3925   189/عام 28/07/2025 12/07/2004 كتب  
Implemented & Customized by: BBB with SCIT (Smart Chains for Information Technology)

Powered by Koha